书目信息 |
| 题名: |
爱弥儿
|
|
| 作者: | 卢梭 著 ;叶红婷 译 | |
| 分册: | 下 | |
| 出版信息: | 福州 海峡文艺出版社 2018.11 |
|
| 页数: | 336-828页 | |
| 开本: | 21cm | |
| 丛书名: | ||
| 单 册: | ||
| 中图分类: | G40-095.65 | |
| 科图分类: | ||
| 主题词: | 教育思想--jiao yu si xiang--法国--近代 | |
| 电子资源: | ||
| ISBN: | 978-7-5550-1508-6 | |
| 000 | 01303nam0 2200253 450 | |
| 001 | 0109110109 | |
| 005 | 20201109163735.70 | |
| 010 | @a978-7-5550-1508-6@dCNY44.00 | |
| 100 | @a20190508d2018 em y0chiy50 ea | |
| 101 | 1 | @achi@cfre |
| 102 | @aCN@b350000 | |
| 105 | @ay z 000yy | |
| 106 | @ar | |
| 200 | 1 | @a爱弥儿@Aai mi er@h下@f(法)让-雅克·卢梭著@g叶红婷译 |
| 210 | @a福州@c海峡文艺出版社@d2018.11 | |
| 215 | @a336-828页@d21cm | |
| 300 | @a卢梭作品 | |
| 330 | @a本书共分五卷。卢梭根据儿童的年龄提出了对不同年龄阶段的儿童进行教育的原则、内容和方法。在第一卷中,着重论述对两岁以前的婴儿如何进行体育教育,使儿童能自然发展。在第二卷中,他认为两岁至十二岁的儿童在智力方面还处于睡眠时期,缺乏思维能力,因此主张对这一时期的儿童进行感官教育。在第三卷中,他认为十二至十五岁的少年由于通过感官的感受,已经具有一些经验,所以主要论述对他们的智育教育。在第四卷中,他认为十五至二十岁的青年开始进入社会,所以主要论述对他们的德育教育。在第五卷中,他认为男女青年由于自然发展的需要,所以主要论述对女子的教育以及男女青年的爱情教育。 | |
| 606 | 0 | @a教育思想@Ajiao yu si xiang@y法国@z近代 |
| 690 | @aG40-095.65@v5 | |
| 701 | 0 | @c(法)@a卢梭@Alu suo@c(Rousseau, Jean-Jacques@f1712-1778)@4著 |
| 702 | 0 | @a叶红婷@Aye hong ting@4译 |
| 801 | 0 | @aCN@bBJSZM@c20201103 |
| 905 | @b1266788-91@dG40-095.65@e1180:2@f4 | |
| 爱弥儿.下/(法)让-雅克·卢梭著/叶红婷译.-福州:海峡文艺出版社,2018.11 |
| 336-828页;21cm |
| 卢梭作品 |
| ISBN 978-7-5550-1508-6:CNY44.00 |
| 本书共分五卷。卢梭根据儿童的年龄提出了对不同年龄阶段的儿童进行教育的原则、内容和方法。在第一卷中,着重论述对两岁以前的婴儿如何进行体育教育,使儿童能自然发展。在第二卷中,他认为两岁至十二岁的儿童在智力方面还处于睡眠时期,缺乏思维能力,因此主张对这一时期的儿童进行感官教育。在第三卷中,他认为十二至十五岁的少年由于通过感官的感受,已经具有一些经验,所以主要论述对他们的智育教育。在第四卷中,他认为十五至二十岁的青年开始进入社会,所以主要论述对他们的德育教育。在第五卷中,他认为男女青年由于自然发展的需要,所以主要论述对女子的教育以及男女青年的爱情教育。 |
| ● |
| 相关链接 |
|
|
|
|
正题名:爱弥儿
索取号:G40-095.65/1180:2
 
预约/预借
| 序号 | 登录号 | 条形码 | 馆藏地/架位号 | 状态 | 备注 |
| 1 | 1266788 | 212667880 | 第一样本阅览室/ [索取号:G40-095.65/1180:2] | 在馆 | |
| 2 | 1266789 | 212667899 | 教育系资料室/ [索取号:G40-095.65/1180:2] | 在馆 | |
| 3 | 1266790 | 212667906 | 教育系资料室/ [索取号:G40-095.65/1180:2] | 在馆 | |
| 4 | 1266791 | 212667915 | 第四借阅区/ [索取号:G40-095.65/1180:2] | 在馆 |